<?xml version="1.0" encoding="UTF-8"?><?xml-stylesheet type="text/xsl" href="static/style.xsl"?><OAI-PMH xmlns="http://www.openarchives.org/OAI/2.0/" xmlns:xsi="http://www.w3.org/2001/XMLSchema-instance" xsi:schemaLocation="http://www.openarchives.org/OAI/2.0/ http://www.openarchives.org/OAI/2.0/OAI-PMH.xsd"><responseDate>2026-06-07T15:52:24Z</responseDate><request verb="GetRecord" identifier="oai:docta.ucm.es:20.500.14352/12551" metadataPrefix="marc">https://docta.ucm.es/rest/oai/request</request><GetRecord><record><header><identifier>oai:docta.ucm.es:20.500.14352/12551</identifier><datestamp>2023-08-26T23:59:44Z</datestamp><setSpec>com_20.500.14352_14</setSpec><setSpec>col_20.500.14352_15</setSpec></header><metadata><record xmlns="http://www.loc.gov/MARC21/slim" xmlns:dcterms="http://purl.org/dc/terms/" xmlns:xsi="http://www.w3.org/2001/XMLSchema-instance" xmlns:doc="http://www.lyncode.com/xoai" xsi:schemaLocation="http://www.loc.gov/MARC21/slim http://www.loc.gov/standards/marcxml/schema/MARC21slim.xsd">
   <leader>00925njm 22002777a 4500</leader>
   <datafield ind2=" " ind1=" " tag="042">
      <subfield code="a">dc</subfield>
   </datafield>
   <datafield ind2=" " ind1=" " tag="720">
      <subfield code="a">Alba Bueno, Francisco</subfield>
      <subfield code="e">author</subfield>
   </datafield>
   <datafield ind2=" " ind1=" " tag="720">
      <subfield code="a">Garzón Jiménez, Nuria</subfield>
      <subfield code="e">author</subfield>
   </datafield>
   <datafield ind2=" " ind1=" " tag="720">
      <subfield code="a">Vega Lerin, Fidel</subfield>
      <subfield code="e">author</subfield>
   </datafield>
   <datafield ind2=" " ind1=" " tag="720">
      <subfield code="a">Poyales Galán, Francisco</subfield>
      <subfield code="e">author</subfield>
   </datafield>
   <datafield ind2=" " ind1=" " tag="720">
      <subfield code="a">Millán García Varela, María Sagrario</subfield>
      <subfield code="e">author</subfield>
   </datafield>
   <datafield ind2=" " ind1=" " tag="260">
      <subfield code="c">2018-01</subfield>
   </datafield>
   <datafield ind2=" " ind1=" " tag="520">
      <subfield code="a">Purpose: To examine and assess the halos generated in distance vision by multifocal intraocular lenses (IOLs) using both in vitro objective and in vivo subjective methods.
Setting: The objective method was carried out in the optics laboratory of the Applied Optics and Image Processing Group (Universitat Politècnica de Catalunya -Barcelona). The psychophysical and subjective methods were carried out in the Instituto de Oftalmología Avanzada Madrid Innova Ocular.
Design: Optical bench results and prospective evaluation of consecutive cases.
Methods: The IOLs examined were TECNIS® one-piece bifocals with addition powers of +4.00 D, +3.25 D, and +2.75 D and the trifocals AT-LISA-tri® and FineVision®. In the objective assessment, we examined halos around the far focus images of a pinhole formed by each IOL in an optical bench. For the in vivo study, we recruited 100 patients who had been bilaterally implanted one month earlier with the IOLs under study. Participants were subjected to psychophysical halometry (Halo v1.0) on the eye with better, distance-corrected, visual acuity and were required to subjectively grade halos by responding to the question “How much do halos bother you?”
Results: The objective method revealed that the halo size increased with addition power and that the two trifocals gave rise to a double-halo pattern. Scores in the halometry also indicated a direct relationship between the halo size and addition power. The subjective results indicated fewer complaints about halos associated with the trifocal than bifocal IOLs.
Conclusions: The addition power of the tested IOLs affected both laboratory-measured and patientperceived halos. Trifocal lenses generated fewer complaints about halos.
Precise: Multifocal intraocular lenses (MIOLs) give rise to halos observed by patients under conditions of dim lighting. This study compares laboratory characterized halos generated by five MIOLs with patientperceived halos.</subfield>
   </datafield>
   <datafield ind1="8" ind2=" " tag="024">
      <subfield code="a">0271-3683; 1460-2202 (e)</subfield>
   </datafield>
   <datafield ind1="8" ind2=" " tag="024">
      <subfield code="a">10.1080/02713683.2017.1379541</subfield>
   </datafield>
   <datafield ind1="8" ind2=" " tag="024">
      <subfield code="a">https://hdl.handle.net/20.500.14352/12551</subfield>
   </datafield>
   <datafield ind1="8" ind2=" " tag="024">
      <subfield code="a">https://doi.org/10.1080/02713683.2017.1379541</subfield>
   </datafield>
   <datafield ind1="8" ind2=" " tag="024">
      <subfield code="a">https://www.tandfonline.com/toc/icey20/current</subfield>
   </datafield>
   <datafield ind2="0" ind1="0" tag="245">
      <subfield code="a">Patient-Perceived and Laboratory-Measured Halos Associated with Diffractive Bifocal and Trifoca Intraocular Lenses</subfield>
   </datafield>
</record></metadata></record></GetRecord></OAI-PMH>